| 000 | 00543nam a2200205Ii 4500 | ||
|---|---|---|---|
| 003 | JO-AjNU | ||
| 008 | 230606s9999||||xx |||||||||||||| ||und|| | ||
| 020 | _a978-1-936041-71-8 | ||
| 040 |
_aJO-AjNU _beng _erda _cJO-AjNU |
||
| 041 | _aeng | ||
| 050 | 1 | 4 | _aPS3558.U832.T35 2010 |
| 100 | 3 |
_aDickens m, charles, _eauthor _92350 |
|
| 245 | 0 | 0 | _aAtale of two cities |
| 250 | _a1 ed | ||
| 300 | _a426p | ||
| 336 |
_atext _btxt _2rdacontent |
||
| 337 |
_aunmediated _bn _2rdamedia |
||
| 338 |
_avolume _bnc _2rdacarrier |
||
| 650 | 4 |
_aNovels _92351 |
|
| 999 |
_aE1233 _c1233 _d1233 |
||